000 00578 a2200181 4500
003 OSt
005 20250710120549.0
008 230822b |||||||| |||| 00| 0 eng d
020 _a9789353062668
040 _coclc
082 _a658.422
_bFER/C
100 1 _aFernando, A. C.,
_d1940-
_99339
245 _aCORPORATE GOVERNANCE :
_cA C Fernando, K P Muraleedharan, E K Satheesh
_bPrinciples, policies and practices /
250 _a 3rd ed.
260 _aChennai:
_bPearson,
_c2023.
300 _a669 p
942 _2ddc
_cBK
_h658.422
_iFER/C
_k658.422
_mFER/C
999 _c41954
_d41954